| 000 | 00862nam a22002417a 4500 | ||
|---|---|---|---|
| 999 |
_c17988 _d17988 |
||
| 003 | AR-CdUCM | ||
| 008 | 190511b ||||| |||| 00| 0 spa d | ||
| 040 |
_aMUNICIPALIDAD PROVINCIAL DEL CUSCO _cBIBLIOTECA MUNICIPAL DEL CUSCO |
||
| 082 |
_a320 / _bD63 |
||
| 100 |
_aDemostenes _938297 |
||
| 245 | _aDiscursos políticos / | ||
| 260 |
_aBarcelona : _bIberia S.A., _c1955. |
||
| 300 |
_a419 páginas ; _c18 cm. |
||
| 440 |
_aObras maestras _913782 |
||
| 505 | _aContenido: En pro de las simmorias -- En pro de los Megalopolitas -- En pro de las libertad de los rodios -- Primera Filipica... | ||
| 650 |
_aFilosofía _9395 |
||
| 650 |
_aPolítica _9291 |
||
| 650 |
_aOratoria _91271 |
||
| 700 |
_aCorominas, Montserrat (prologo y notas) _938298 |
||
| 700 |
_aMolist Pol, Esteban (prologo y notas) _938299 |
||
| 942 |
_2ddc _cLIBROS |
||
| 945 |
_adavv _d2019-05-11 |
||